000
00290 a2200121 4500
001
64487
082
_a
621.3824 ZOO
090
_c
38114
_d
38114
100
_a
Zoogh by A E
245
_a
Smart antenna engineering
_h
English
260
_a
Boston
_b
Artech house
_c
2006
300
_a
xx, 729p.
942
_a
NUST CAE
_k
621.3824 ZOO
999
_c
299560
_d
299560